000 00794cam a2200205 i 4500
005 20260427120040.0
008 250721s1983 iq gr 000 0 ara d
082 1 4 _a418.24/
_bل غ ه
100 1 _aالهيتي، حميد مخلف
_eمؤلف.
245 1 2 _aاللغة العربية لغير الناطقين بها /
_cتأليف حميد مخلف الهيتي [وثلاثة آخرون].
264 3 1 _aبغداد :
_bالجامعة المستنصرية،
_c1983.
300 _aالجزء الثالث.
650 1 7 _aاللغة العربية.
650 1 7 _aالتعلم.
700 1 _aالواسطي, سلمان داوود
_eمؤلف.
700 1 _aالكشو، رضا
_eمؤلف.
700 1 _aعبيد، راضية
_eمؤلف.
942 _2ddc
_cBK
999 _c9198
_d9198